00780nam a2200217 a 4500001001000000003000500010005001700015008004100032010001100073011001100084020001800095040000900113082001700122100003200139245022900171260005800400300001700458490002800475700003100503830002800534000110458CHAP20220329144134.0140829s2012 mx a |r| ||||||spa d a106920 a107892 a9786070237485 cCHAP04a540.078bM971 aMuñoz Ocotero, Verónica10aManual de prácticas de química para estudiantes de biología :bdiez temas llevados a la práctica, integrando a la biología en el estudio de la química /cpor Verónica Muñoz Ocotero y Caballero Arroyo Yolanda. aMéxico, D. F. :bUNAM. Facultad de ciencias,c2012. a93 p. :bil.0 aLas prensas de ciencias1 aCaballero Arrollo, Yolanda 0aLas prensas de ciencias